| 000 | 01092cam a2200229 4500 | ||
|---|---|---|---|
| 001 | WB3946-07 | ||
| 008 | 031203n2003 000 0 eng u | ||
| 035 | _a(Sirsi) u124552 | ||
| 245 | _aNew laws to improve corporate conduct | ||
| 260 | _c2003 | ||
| 490 |
_aDTI Press Release _v(P/2003/589) 4 December 2003 (3) |
||
| 520 | _aThe "Companies (Audit, Investigations and Community Enterprise) Bill" was published by government. The Bill will introduce safeguards recommended by post-Enron/Worldcom reviews. Company accounting and auditing practices will be more tightly regulated. The Bill aims to raise corporate performance as a whole. http://www.gnn.gov.uk/gnn/national.nsf/Today's+Releases+Frame/89A8F9138F04476480256DF20041CAC5?opendocument. | ||
| 590 | _aWB | ||
| 650 | _aCOMPANIES (AUDIT, INVESTIGATIONS AND COMMUNITY ENTERPRISE) BILL | ||
| 650 | _aCORPORATE GOVERNANCE | ||
| 650 | _aCOMPANY ACCOUNTS | ||
| 650 | _aAUDITING PRACTICES | ||
| 650 | _aLEGISLATION | ||
| 650 | _aAUDITING STANDARDS | ||
| 690 | _aMANAGEMENT-BUSINESS MANAGEMENT-FINANCIAL MANAGEMENT | ||
| 942 | _n0 | ||
| 999 |
_c73915 _d73915 |
||